000 00215nam a2200097Ia 4500
008 240331s9999 xx 000 0 und d
082 _bHAB
100 _aHabib, I
245 0 _aMarxiavarlatriyal prachnaigal
942 _cL
999 _c3594
_d3594